Statistics for Country Factfile Puzzle Game #8

Click here to take the quiz!

General Stats

  • This quiz has been taken 41 times
  • The average score is 7 of 11

Answer Stats

Question Category Fact Answer % Correct
From which country does Champagne originate?DrivesLeftFrance
98%
What 6-letter African country begins with the letter "M"?Letters13Malawi
80%
Which country is the only such to border Gambia?Borders1Senegal
78%
What is the capital of Serbia?Coastline17,820 kmBelgrade
75%
By land area, what is the largest island in Canada?Area242,495 km2Baffin Island
65%
Which African country has the most National Parks?National Parks15Kenya (23)
63%
By area, what is the smallest Canadian Province?Territories106Prince Edward Island
60%
What is the most populated island in the Philippines?Population65,648,100Luzon
58%
UNKNOWN COUNTRYUnited Kingdom
55%
Which capital city is 750km from both London and Berlin?Latitude49ºN to 61ºNBern
48%
What animal is on the flag of Caprivi African National Union?Nominal GDP$2.565 trillionElephant
43%

Score Distribution

Percentile by Number Answered

Percent of People with Each Score

Your Score History

You have not taken this quiz